000 00680nam a2200277Ia 4500
005 20260324121245.0
008 008 260324s9999 xx 000 0 eng d
020 _a9781315216294
037 _aEBOOK
040 _aCRL
040 _beng
040 _cCRL
041 _2eng
041 _aeng
084 _qCRL
100 _aNing Xi; Mingjun Zhang; Guangyong Li
_91161808
245 0 _aModeling and Control for Micro/Nano Devices and Systems
260 _bTaylor and Francis
260 _c2014
365 _a
365 _b340
856 _uhttp://www.taylorfrancis.com/books/9781315216294
942 _cEBOOK
999 _c1753800
_d1753800